Quiz sur le Pas-de-Calais - Statistiques

Statistiques générales
  • Ce quiz a été pris 7 200 fois
    7 119 depuis la dernière actualisation
  • Le résultat moyen est 13 sur 20
Statistiques - réponses
Question Réponse % Correct
Département avec lequel il formait une région jusqu'alors Nord
97%
Région à laquelle il appartient depuis 2016 Hauts-de-France
94%
Numéro du département 62
91%
Mer qui borde le sud-ouest du département Manche
87%
Ville minière dont le club de football a remporté le championnat de France en 1998 Lens
85%
Sous-préfecture et plus grande ville Calais
81%
Chanteuse née à Hénin-Beaumont qui a obtenu un César pour la Famille Bélier Louane
79%
Préfecture et deuxième ville la plus peuplée Arras
77%
Musée ayant ouvert en 2012 une extension dans le département Musée du Louvre
73%
Nom donné au littoral du Pas-de-Calais Côte d'{Opale}
72%
Sous-préfecture qui est la ville française qui a connu le plus de bombardementsaériens pendant la Seconde Guerre mondiale et fut alors détruite à 85% Boulogne-sur-Mer
60%
Caps depuis lesquels on peut observer les falaises anglaises (nommez-en un) Cap {Blanc}-{Nez}Cap {Gris}-{Nez}
52%
Le Pas-de-Calais est le département qui possède le plus de ____ , 890 au total Communes
51%
Nom donné aux grandes tours typiques de cette partie de la France,dont six du Pas-de-Calais sont au patrimoine mondial de l'Unesco Beffroi
49%
Avocat très controversé qui a perdu la tête en 1794 Robespierre
49%
Objet à l'origine d'une rencontre internationale réunissant500 000 personnes chaque année sur la plage de Berck Cerf-volant
47%
« Le plus grand aquarium d'Europe », situé dans cette ville Nausicaá
41%
Footballeur français dont le nom est fortement associé aux reprises acrobatiques Jean-Pierre Papin
32%
Province historique dont elle était capitale Artois
31%
Pas-de-Calaisien célèbre qui est décédé sur l'Île d'Yeu Philippe Pétain
20%
Aucun quiz correspondant
Distribution des résultats
% des personnes avec chaque résultat
Percentile par nombre de réponses
Votre historique - résultats
Vous n’avez pas pris ce quiz depuis la dernière actualisation